000 00439nam a2200157 a 4500
005 20140412111347.0
008 050421s19uu xx 00 eng d
020 _a0-02-181655-7
050 _aTR(GS 372.6
_bWr93 1997
245 _aWriting and language handbook: grade 1.
260 _aNew York :
_bMacmillan/McGraw-Hill,
_c1997.
300 _a48 p. ; ill.
650 _aWriting
_xStudy and teaching
999 _c105214
_d105214